Statistics for Guess The Fragrance By its Silhouette

Click here to take the quiz!

General Stats

  • This quiz has been taken 277 times
  • The average score is 7 of 8

Answer Stats

Answer% Correct
Le Mâle
99%
Eros
96%
1 Million
95%
Sauvage
94%
Born in Roma
92%
9PM
91%
Invictus
85%
The Most Wanted
72%

Score Distribution

Percentile by Number Answered

Percent of People with Each Score

Your Score History

You have not taken this quiz